[Event "Tournoi Skype 015A"]
[Site "Skype"]
[Date "????.??.??"]
[Round "3.6"]
[White "Lambert, Pierre"]
[Black "Hilton, Stephen"]
[Result "1/2-1/2"]
[WhiteElo "1843"]
[BlackElo "1910"]
[PlyCount "44"]

1. e4 c5 2. Nf3 d6 3. Bb5+ Bd7 4. Bxd7+ Qxd7 5. O-O Nc6 6. Re1 Nf6 7. c3 g6 8.
d4 cxd4 9. cxd4 Bg7 10. Nc3 O-O 11. Bg5 h6 12. Bxf6 exf6 13. Rc1 Rac8 14. Qa4
Rfd8 15. d5 Ne5 16. Nxe5 Qxa4 17. Nxa4 fxe5 18. Nc3 a6 19. Kf1 Kf8 20. Ke2 Bf6
21. Na4 Bg5 22. Rc3 Rxc3 1/2-1/2

[Event "Tournoi Skype 015A"]
[Site "Skype"]
[Date "????.??.??"]
[Round "3.8"]
[White "Ergin, Ahmet"]
[Black "Baue, Michel"]
[Result "1/2-1/2"]
[WhiteElo "1746"]
[BlackElo "1700"]
[PlyCount "63"]

1. e4 c5 2. d4 cxd4 3. c3 dxc3 4. Nxc3 Nc6 5. Nf3 e6 6. Bc4 Bb4 7. O-O Nge7 8.
Qe2 O-O 9. a3 Ba5 10. h3 Qc7 11. Bd2 Rd8 12. Rac1 Qb8 13. b4 Bc7 14. Bg5 h6 15.
Be3 b5 16. Bb3 Bb7 17. Qd2 Ng6 18. Qc2 Nce7 19. Ne2 Bc6 20. Ned4 Qb7 21. Nxc6
Nxc6 22. Qd2 Rac8 23. Bc2 Nce7 24. Nd4 d5 25. exd5 Nxd5 26. Bxg6 fxg6 27. Qa2
Nf4 28. Bxf4 Bxf4 29. Qxe6+ Kh7 30. Rxc8 Qxc8 31. Qxc8 Rxc8 32. Ne6 1/2-1/2

[Event "Tournoi Skype 015A"]
[Site "Skype"]
[Date "????.??.??"]
[Round "3.10"]
[White "Ali, Mohammad"]
[Black "Rico Hernandez, Edgar"]
[Result "0-1"]
[WhiteElo "1640"]
[BlackElo "1892"]
[PlyCount "72"]

1. e4 c6 2. d4 d5 3. Nc3 dxe4 4. Nxe4 Bf5 5. Bd3 Qxd4 6. Nf3 Qd8 7. O-O e6 8.
Re1 Bxe4 9. Bxe4 Qxd1 10. Rxd1 Nf6 11. Bd3 Bc5 12. Bf4 Nbd7 13. Re1 O-O 14.
Rad1 Nd5 15. Bg3 N7f6 16. Bh4 Rad8 17. c4 Nf4 18. Bxf6 gxf6 19. Bc2 Bb6 20. Re4
Rxd1+ 21. Bxd1 Nd3 22. Rg4+ Kh8 23. Nd4 Rd8 24. Bc2 Rxd4 25. Rxd4 Bxd4 26. Bxd3
Bxb2 27. g4 Bd4 28. Kg2 h6 29. h4 Kg7 30. f3 Be5 31. Kh3 Kf8 32. a4 Ke7 33. Kg2
Bf4 34. Kh3 Kd6 35. Bc2 Kc5 36. Bb3 Kb4 0-1

[Event "Tournoi Skype 015A"]
[Site "Skype"]
[Date "????.??.??"]
[Round "3.11"]
[White "Segura Lozano, Marcos Antonio"]
[Black "Karia, Vijay"]
[Result "1-0"]
[WhiteElo "1883"]
[BlackElo "1634"]
[PlyCount "55"]

1. e4 d5 2. exd5 Qxd5 3. Nc3 Qa5 4. d4 Nf6 5. Bd3 c6 6. Bf4 Qb6 7. Nge2 Bg4 8.
f3 Bh5 9. O-O Nbd7 10. Kh1 e6 11. a3 Be7 12. b4 O-O 13. Na4 Qd8 14. c4 a6 15.
Nac3 b5 16. c5 a5 17. Qd2 Nd5 18. Nxd5 exd5 19. g4 Bg6 20. Ng3 Bf6 21. Bf5 axb4
22. axb4 Bxf5 23. Nxf5 h6 24. Bxh6 gxh6 25. Qxh6 Re8 26. g5 Bh8 27. g6 Re6 28.
Qh7+ 1-0

[Event "Tournoi Skype 015A"]
[Site "Skype"]
[Date "????.??.??"]
[Round "3.14"]
[White "Perez Fermin, Jose"]
[Black "Meyer, Eric"]
[Result "0-1"]
[WhiteElo "1622"]
[BlackElo "1747"]
[PlyCount "109"]

1. e4 Nf6 2. Nc3 d6 3. d4 g6 4. h3 Nbd7 5. Nf3 c6 6. Be3 Qa5 7. Qd2 Bg7 8. a3
Qc7 9. Be2 b5 10. O-O O-O 11. Ne1 Bb7 12. Bf3 a5 13. Nd3 Nb6 14. b3 Nfd7 15.
Bh6 e5 16. Bxg7 Kxg7 17. dxe5 dxe5 18. Rfd1 Rfd8 19. Qe3 Qd6 20. Qg5 Qf6 21.
Qxf6+ Kxf6 22. Ne2 Ba6 23. Rac1 h5 24. Rd2 Nc5 25. Rcd1 Nxd3 26. Rxd3 Ke7 27.
Rxd8 Rxd8 28. Rxd8 Kxd8 29. h4 Bc8 30. c3 Nd7 31. Ng3 Ke7 32. Be2 Nc5 33. b4
axb4 34. axb4 Na4 35. c4 Nc3 36. Bd3 Ba6 37. cxb5 Bxb5 38. Bxb5 cxb5 39. Kf1
Kd6 40. Ne2 Na2 41. Ke1 Nxb4 42. Nc3 Kc5 43. Kd2 Kc4 44. g3 Nc6 45. Nd5 Kd4 46.
f3 b4 47. Kc2 Kc5 48. Kd3 Nd4 49. f4 exf4 50. gxf4 Nf3 51. Kc2 Nxh4 52. Kb3 Ng2
53. f5 gxf5 54. Nxb4 fxe4 55. Nc2 0-1

[Event "Tournoi Skype 015A"]
[Site "Skype"]
[Date "????.??.??"]
[Round "3.15"]
[White "Murolo, Antonio"]
[Black "Janssen, Gerard"]
[Result "0-1"]
[WhiteElo "1573"]
[BlackElo "1732"]
[PlyCount "78"]

1. d4 d5 2. Nf3 e6 3. c4 Nf6 4. Nc3 c5 5. e3 Nc6 6. cxd5 Nxd5 7. Nxd5 Qxd5 8.
Bb5 cxd4 9. Bxc6+ bxc6 10. Qxd4 Ba6 11. Qxd5 cxd5 12. Ne5 Bd6 13. Nc6 O-O 14.
Nd4 g6 15. Bd2 e5 16. Ne2 Rac8 17. Rc1 Rc4 18. Rxc4 Bxc4 19. b3 Bd3 20. f4 Rc8
21. Nc1 Ba6 22. Ne2 Rc2 23. a4 Rb2 24. fxe5 Bxe5 25. Nc1 d4 26. exd4 Bxd4 27.
Kd1 Bb7 28. Re1 Bxg2 29. Bh6 Bf3+ 30. Ne2 Rxb3 31. Kc2 Rb2+ 32. Kd3 Bf2 33. Rc1
Bxe2+ 34. Ke4 f5+ 35. Ke5 Ba6 36. Rc7 Re2+ 37. Kd6 Rd2+ 38. Ke6 Bd4 39. Re7
Re2+ 0-1

[Event "Tournoi Skype 015A"]
[Site "Skype"]
[Date "????.??.??"]
[Round "3.16"]
[White "Parmar, Manoj"]
[Black "Saponara, Jose Maria"]
[Result "1-0"]
[WhiteElo "1731"]
[BlackElo "1482"]
[PlyCount "106"]

1. d4 Nf6 2. c4 e6 3. Nc3 Bb4 4. Qc2 d5 5. a3 Be7 6. Nf3 b6 7. cxd5 Nxd5 8. e4
Nf6 9. Be2 Bb7 10. O-O O-O 11. Bf4 Nbd7 12. Bb5 a6 13. Bd3 h6 14. h3 c5 15.
dxc5 Nxc5 16. Rad1 Qc8 17. Rfe1 Rd8 18. Bf1 Rxd1 19. Qxd1 Ncxe4 20. Nxe4 Nxe4
21. b4 Bf6 22. Be5 Qd8 23. Bxf6 Nxf6 24. Ne5 Qxd1 25. Rxd1 Nd5 26. Rc1 Rc8 27.
Rxc8+ Bxc8 28. Be2 Kf8 29. Bh5 g6 30. Bf3 Nf4 31. Nc4 b5 32. Nd6 Bd7 33. Bb7
Ke7 34. Ne4 f5 35. Nc5 a5 36. bxa5 Kd6 37. Nxd7 Kxd7 38. a6 Kc7 39. Kf1 e5 40.
h4 Kb6 41. g3 Ne6 42. Bd5 Nc5 43. Bf7 Nxa6 44. Bxg6 f4 45. g4 Nc7 46. Bf7 Kc6
47. g5 hxg5 48. hxg5 Kd7 49. g6 Ke7 50. Ke2 Kf6 51. Kf3 Ne6 52. Bxe6 Kxe6 53.
g7 Ke7 1-0

[Event "Tournoi Skype 015A"]
[Site "Skype"]
[Date "????.??.??"]
[Round "3.17"]
[White "Kruzeniski, Randy"]
[Black "Megelas, Florent"]
[Result "1/2-1/2"]
[WhiteElo "1547"]
[BlackElo "1720"]
[PlyCount "44"]

1. d4 d5 2. Nf3 Nf6 3. e3 e6 4. Bd3 Bd6 5. O-O Nbd7 6. Nbd2 h6 7. e4 dxe4 8.
Nxe4 Nxe4 9. Bxe4 O-O 10. c4 Nf6 11. Bd3 b6 12. Ne5 Bb7 13. Bf4 Nd7 14. Qg4 Nf6
15. Qh3 Rc8 16. Bxh6 Be4 17. Bxg7 Kxg7 18. Qg3+ Kh8 19. Qh3+ Kg7 20. Qg3+ Kh8
21. Qh3+ Kg7 22. Qg3+ Kh8 1/2-1/2

[Event "Tournoi Skype 015A"]
[Site "Skype"]
[Date "????.??.??"]
[Round "3.18"]
[White "Holtz, Steve"]
[Black "Legueltel, Daniel"]
[Result "0-1"]
[WhiteElo "1499"]
[BlackElo "1698"]
[PlyCount "60"]

1. d4 d5 2. c4 c6 3. Nf3 Nf6 4. Bf4 e6 5. c5 Be7 6. e3 Nbd7 7. Be2 b6 8. Ne5
Bb7 9. cxb6 axb6 10. Nd2 Nxe5 11. Bxe5 Bd6 12. Bxd6 Qxd6 13. a3 O-O 14. Nf3 Ba6
15. Rc1 c5 16. dxc5 bxc5 17. Bxa6 Rxa6 18. O-O Rb8 19. Rc2 Rab6 20. Qc1 Ne4 21.
Rd1 h6 22. Nd2 Nxd2 23. Rdxd2 c4 24. e4 Qe5 25. Re2 dxe4 26. Rxc4 Rxb2 27. f4
Qf6 28. Rxb2 Rxb2 29. g3 Ra2 30. Rxe4 Ra1 0-1

[Event "Tournoi Skype 015A"]
[Site "Skype"]
[Date "????.??.??"]
[Round "3.19"]
[White "Mulrooney, Justin"]
[Black "Meaney, Mike"]
[Result "1-0"]
[WhiteElo "1663"]
[BlackElo "1476"]
[PlyCount "53"]

1. d4 d5 2. c4 e6 3. Nc3 Bb4 4. Nf3 Nf6 5. e3 c6 6. Bd3 Nbd7 7. O-O c5 8. Nb5
Qb6 9. a3 Ba5 10. dxc5 Nxc5 11. b4 Nxd3 12. Qxd3 Bd7 13. Bd2 dxc4 14. Nd6+ Kf8
15. Nxc4 Qa6 16. bxa5 Bb5 17. Rfc1 Rc8 18. Qd6+ Qxd6 19. Nxd6 Rxc1+ 20. Rxc1
Bc6 21. Ne5 Ke7 22. Bb4 Nd5 23. Nf5+ Kf6 24. Nxc6 Rc8 25. Nfd4 Ne7 26. Bxe7+
Kg6 27. Ne5+ 1-0

[Event "Tournoi Skype 015A"]
[Site "Skype"]
[Date "????.??.??"]
[Round "3.20"]
[White "Galani, Mahendra"]
[Black "Bourdeau, Yvan"]
[Result "1-0"]
[WhiteElo "1486"]
[BlackElo "1642"]
[PlyCount "95"]

1. c3 Nf6 2. e3 e6 3. Bb5 a6 4. Ba4 b5 5. Bb3 Bb7 6. Nf3 Be7 7. d3 O-O 8. e4 d6
9. Be3 c5 10. Nbd2 Nc6 11. Bc2 Ng4 12. Bf4 Bf6 13. h3 Nge5 14. Nh2 g5 15. Be3
Kg7 16. Ng4 Rh8 17. Nxf6 Qxf6 18. Qh5 h6 19. g3 Qg6 20. Qe2 f6 21. f4 Nd7 22.
fxg5 hxg5 23. h4 Qh5 24. g4 Qg6 25. h5 Qf7 26. d4 cxd4 27. cxd4 Nb4 28. Bb3
Rae8 29. Rf1 Qe7 30. a3 Nc6 31. Qd3 Kh6 32. Nf3 Rhg8 33. Nh4 Nf8 34. O-O-O Rc8
35. Kb1 Na5 36. Bc2 Nc4 37. Ng2 Nxe3 38. Nxe3 Nd7 39. d5 Nc5 40. Qd4 Rgf8 41.
dxe6 Qxe6 42. Nf5+ Kh7 43. Nxd6 Qe5 44. Nxc8 Qxd4 45. Rxd4 Bxc8 46. e5+ Kg7 47.
Rd5 Ne6 48. Rd6 1-0

[Event "Tournoi Skype 015A"]
[Site "Skype"]
[Date "????.??.??"]
[Round "3.21"]
[White "L'Herbon De Lussats, Jean"]
[Black "Bendre, Pankaj"]
[Result "0-1"]
[WhiteElo "1466"]
[BlackElo "1672"]
[PlyCount "110"]

1. d4 Nf6 2. Bg5 Ne4 3. Bf4 g6 4. f3 Nf6 5. Bg5 Bg7 6. e4 d6 7. Be2 O-O 8. f4
Nxe4 9. Bh4 Nc6 10. c3 d5 11. Bf3 Be6 12. Ne2 Nd6 13. O-O Nc4 14. Qc1 Qd7 15.
b3 Nd6 16. Bf2 Bg4 17. Nd2 Bxf3 18. Nxf3 Ne4 19. Qe3 Nf6 20. Ne5 Nxe5 21. fxe5
Ng4 22. Qg3 Nh6 23. h3 Nf5 24. Qg4 e6 25. Nf4 Rac8 26. Qf3 b6 27. g4 Ne7 28.
Bh4 f6 29. g5 fxe5 30. dxe5 Bxe5 31. Bg3 d4 32. c4 c5 33. Qg4 Nf5 34. Rfe1 Bxf4
35. Bxf4 e5 36. Rxe5 d3 37. Rd5 Qc6 38. Rxd3 Rfe8 39. Rad1 Nd4 40. Qg2 Ne2+ 41.
Kh2 Nxf4 42. Qxc6 Rxc6 43. Rd8 Rc8 44. R8d7 Re2+ 45. Kg3 Ne6 46. Rxa7 Rb8 47.
Rdd7 Re3+ 48. Kg4 Rf8 49. Rf7 Rxf7 50. Ra8+ Rf8 51. Rxf8+ Kxf8 52. h4 Re2 53.
a4 Rb2 54. h5 Rxb3 55. hxg6 hxg6 0-1

[Event "Tournoi Skype 015A"]
[Site "Skype"]
[Date "????.??.??"]
[Round "3.22"]
[White "Carballo, Jorge"]
[Black "Trivedi, Viral"]
[Result "0-1"]
[WhiteElo "1691"]
[BlackElo "1551"]
[PlyCount "76"]

1. e4 d5 2. exd5 Qxd5 3. Nf3 Bg4 4. Be2 Nc6 5. Nc3 Qd8 6. d4 Nf6 7. O-O e6 8.
Bg5 Be7 9. Ne5 Nxe5 10. dxe5 Qxd1 11. Bxd1 Bxd1 12. exf6 gxf6 13. Bxf6 Bxf6 14.
Raxd1 c6 15. Ne4 Bxb2 16. Nd6+ Ke7 17. Nxb7 Rab8 18. Na5 Rb6 19. Nc4 Rb4 20.
Rb1 Rhb8 21. Na5 Kd6 22. Rfd1+ Kc7 23. Nb3 Bd4 24. Nd2 Bc3 25. Rxb4 Rxb4 26.
Rb1 Bxd2 27. Rd1 Rb2 28. g3 Rxc2 29. a4 Rc1 30. Rxc1 Bxc1 31. f4 c5 32. Kf2 Kd6
33. Ke2 Kd5 34. Kd3 c4+ 35. Kc2 Be3 36. Kc3 a5 37. h4 f5 38. h5 Bf2 0-1

[Event "Tournoi Skype 015A"]
[Site "Skype"]
[Date "????.??.??"]
[Round "3.24"]
[White "Mordaa, Ahmad"]
[Black "Prasad Singh, Ambika"]
[Result "0-1"]
[WhiteElo "1418"]
[BlackElo "1595"]
[PlyCount "40"]

1. e4 c5 2. Nf3 Nc6 3. g3 g6 4. Bg2 Bg7 5. d3 d6 6. O-O Bg4 7. h3 Bd7 8. c3 Nf6
9. Nbd2 Qc8 10. Kh2 h5 11. Re1 Ng4+ 12. Kg1 Nf6 13. Kh2 Ng4+ 14. Kg1 Nge5 15.
Nxe5 Nxe5 16. Nf3 Bxh3 17. Nxe5 dxe5 18. Be3 h4 19. gxh4 Rxh4 20. Kf1 Bxg2+ 0-1

[Event "Tournoi Skype 015A"]
[Site "Skype"]
[Date "????.??.??"]
[Round "3.25"]
[White "Fouquereau, Andre"]
[Black "Yardimci, Ertan"]
[Result "1-0"]
[WhiteElo "1515"]
[BlackElo "1515"]
[PlyCount "55"]

1. e4 e6 2. Nf3 d5 3. exd5 exd5 4. d4 Nf6 5. Bd3 Bd6 6. Bg5 Nbd7 7. O-O O-O 8.
Re1 c6 9. Nbd2 h6 10. Bxf6 Nxf6 11. c4 Be6 12. c5 Bc7 13. Ne5 Re8 14. b4 Nd7
15. Ndf3 Rc8 16. b5 Nxe5 17. Nxe5 Ba5 18. Re3 Bc3 19. Bh7+ Kxh7 20. Qd3+ Kg8
21. Qxc3 Qg5 22. Rg3 Qe7 23. a4 f6 24. Ng6 Qc7 25. Re1 a6 26. Rge3 Bf7 27. b6
Rxe3 28. Rxe3 1-0

[Event "Tournoi Skype 015A"]
[Site "Skype"]
[Date "????.??.??"]
[Round "3.27"]
[White "Loyarte, Frederic"]
[Black "Leost, Joel"]
[Result "0-1"]
[WhiteElo "1538"]
[BlackElo "1497"]
[PlyCount "52"]

1. d4 f5 2. c4 Nf6 3. Nc3 e6 4. Nf3 Be7 5. e3 O-O 6. c5 b6 7. b4 Bb7 8. g3 Ne4
9. Nxe4 fxe4 10. Nd2 d5 11. cxd6 Qxd6 12. Bg2 Qxb4 13. Qb3 Qd6 14. Ba3 Qd7 15.
Bxe4 c6 16. Bxe7 Qxe7 17. Nc4 Nd7 18. Ne5 Kh8 19. Rc1 Rac8 20. Qd3 Nf6 21. g4
Nxe4 22. Qxe4 c5 23. Qd3 Bxh1 24. Ke2 Bb7 25. f4 cxd4 26. exd4 Rxc1 0-1

[Event "Tournoi Skype 015A"]
[Site "Skype"]
[Date "????.??.??"]
[Round "3.28"]
[White "Malbec, Robert"]
[Black "Grimwood, Robert"]
[Result "1-0"]
[WhiteElo "1510"]
[BlackElo "1491"]
[PlyCount "43"]

1. e4 e6 2. d4 d5 3. Nc3 Nf6 4. Bg5 Be7 5. e5 Nfd7 6. Bxe7 Qxe7 7. f4 f6 8. Nf3
O-O 9. Bd3 h6 10. O-O f5 11. Qe1 a6 12. Nh4 Qf7 13. Qg3 Kh7 14. Be2 g6 15. Qh3
c5 16. Nf3 Kg7 17. Qg3 cxd4 18. Nxd4 Nc6 19. Nf3 Nb6 20. Nh4 Nc4 21. Bh5 Ne3
22. Bxg6 1-0

[Event "Tournoi Skype 015A"]
[Site "Skype"]
[Date "????.??.??"]
[Round "3.29"]
[White "Montenegro, Juan Carlos"]
[Black "Aranzubia, Desiderio"]
[Result "1-0"]
[WhiteElo "1499"]
[BlackElo "1499"]
[PlyCount "31"]

1. e4 c5 2. Nf3 Nc6 3. Bc4 e6 4. O-O a6 5. d4 cxd4 6. Nxd4 Qc7 7. Be3 Nf6 8.
Nd2 Nxd4 9. Bxd4 Nxe4 10. Bxe6 Nxd2 11. Bxf7+ Kxf7 12. Qxd2 Bd6 13. Qg5 Rg8 14.
Rae1 Be7 15. Qxe7+ Kg6 16. Re6+ 1-0

[Event "Tournoi Skype 015A"]
[Site "Skype"]
[Date "????.??.??"]
[Round "3.30"]
[White "Grib, Johannes"]
[Black "Lowery, Mike"]
[Result "1-0"]
[WhiteElo "1480"]
[BlackElo "1499"]
[PlyCount "43"]

1. d4 Nf6 2. c4 e6 3. a3 c5 4. Nf3 Be7 5. dxc5 Qa5+ 6. b4 Qc7 7. Nc3 a6 8. g3
O-O 9. Bf4 Qd8 10. e4 Nh5 11. Be5 Nc6 12. Bd6 Re8 13. h4 Nf6 14. Ng5 h6 15. e5
Nh7 16. Qh5 Nxg5 17. Bxe7 Qxe7 18. hxg5 Nxe5 19. gxh6 d6 20. hxg7 Kxg7 21. Qh7+
Kf6 22. Ne4# 1-0

[Event "Tournoi Skype 015A"]
[Site "Skype"]
[Date "????.??.??"]
[Round "4.1"]
[White "Yuvarlak, Ugur"]
[Black "Karlsen, Christian"]
[Result "0-1"]
[WhiteElo "1870"]
[BlackElo "2046"]
[PlyCount "53"]

1. e4 c5 2. Nc3 Nc6 3. Bb5 e5 4. Bxc6 bxc6 5. d3 Nf6 6. f4 exf4 7. Bxf4 Be7 8.
Nf3 d5 9. O-O O-O 10. Re1 Be6 11. Qd2 Qb6 12. b3 h6 13. Na4 Qa6 14. c4 dxe4 15.
dxe4 Bxc4 16. Qc3 Bd3 17. Nxc5 Bxc5+ 18. Qxc5 Bxe4 19. Nd2 Bd5 20. Qf2 Rfe8 21.
Qh4 Rxe1+ 22. Qxe1 Re8 23. Qh4 Re2 24. Nf3 Qd3 25. Rf1 Rxa2 26. Bxh6 Bxf3 27.
gxf3 0-1

[Event "Tournoi Skype 015A"]
[Site "Skype"]
[Date "????.??.??"]
[Round "4.2"]
[White "Auger, Bertrand"]
[Black "Hervais, Adrien"]
[Result "1/2-1/2"]
[WhiteElo "2042"]
[BlackElo "1945"]
[PlyCount "50"]

1. Nf3 Nf6 2. g3 c5 3. c4 d5 4. Bg2 Nc6 5. cxd5 Nxd5 6. O-O e5 7. d3 Be7 8. Bd2
O-O 9. Nc3 Be6 10. Rc1 Rc8 11. b3 f5 12. Qc2 Nd4 13. Qb2 Bf6 14. Rfd1 e4 15.
Nxd4 cxd4 16. Nxd5 Bxd5 17. Bb4 Re8 18. Rxc8 Qxc8 19. Rc1 Qd7 20. Qc2 exd3 21.
Bxd5+ Qxd5 22. exd3 a5 23. Re1 Rxe1+ 24. Bxe1 Be7 25. a4 g6 1/2-1/2

[Event "Tournoi Skype 015A"]
[Site "Skype"]
[Date "????.??.??"]
[Round "4.3"]
[White "Hilton, Stephen"]
[Black "Plourde, Alain"]
[Result "1/2-1/2"]
[WhiteElo "1910"]
[BlackElo "1849"]
[PlyCount "53"]

1. c4 Nf6 2. Nc3 c6 3. Nf3 d5 4. cxd5 cxd5 5. d4 Nc6 6. e3 Bg4 7. Be2 e6 8. O-O
Be7 9. Qb3 Qb6 10. Qxb6 axb6 11. h3 Bh5 12. g4 Bg6 13. Ne5 Nxe5 14. dxe5 Nd7
15. f4 h6 16. Bb5 Bc5 17. Na4 Bc2 18. Nxc5 bxc5 19. b3 Bxb3 20. a4 Bc2 21. Ba3
b6 22. Rfc1 Bxa4 23. Bxc5 bxc5 24. Bxa4 Ke7 25. Bxd7 Kxd7 26. Rxa8 Rxa8 27.
Rxc5 1/2-1/2

[Event "Tournoi Skype 015A"]
[Site "Skype"]
[Date "????.??.??"]
[Round "4.4"]
[White "Engstrom, Olle"]
[Black "Donmez, Unal"]
[Result "0-1"]
[WhiteElo "1678"]
[BlackElo "1895"]
[PlyCount "60"]

1. d4 Nf6 2. c4 g6 3. Nc3 Bg7 4. e4 d6 5. Nf3 O-O 6. Be2 e5 7. O-O Nc6 8. d5
Ne7 9. b4 Nh5 10. Re1 h6 11. Be3 f5 12. exf5 gxf5 13. Nh4 Nf4 14. Bxf4 exf4 15.
Qd3 Kh7 16. a4 Nxd5 17. cxd5 Qxh4 18. Rac1 Bd7 19. Nb5 Bxb5 20. Qxb5 Bd4 21.
Qd7+ Kh8 22. Rf1 Bb6 23. a5 Rad8 24. Qe6 Rde8 25. Qg6 Rg8 26. Qxf5 Rxe2 27.
axb6 Re5 28. Qxe5+ dxe5 29. bxc7 Qh3 30. g3 f3 0-1

[Event "Tournoi Skype 015A"]
[Site "Skype"]
[Date "????.??.??"]
[Round "4.5"]
[White "Elias, Roberto"]
[Black "Lambert, Pierre"]
[Result "0-1"]
[WhiteElo "1764"]
[BlackElo "1843"]
[PlyCount "62"]

1. c4 Nf6 2. Nc3 e6 3. e4 d6 4. d4 Nbd7 5. Be3 Be7 6. Be2 O-O 7. Nf3 Ng4 8. Bf4
e5 9. Bg3 exd4 10. Nxd4 Ndf6 11. h3 Ne5 12. f4 Nc6 13. Nxc6 bxc6 14. O-O Rb8
15. Rb1 Re8 16. Bf3 Bb7 17. Qa4 d5 18. e5 Nd7 19. cxd5 cxd5 20. Nxd5 Bxd5 21.
Rbd1 Nb6 22. Qa5 c6 23. b3 Qc8 24. Bg4 Qb7 25. f5 Nd7 26. f6 Bc5+ 27. Kh1 Bb4
28. Qa4 Nxe5 29. Be2 c5 30. Rf2 Bc6 31. Ba6 Qb6 0-1

[Event "Tournoi Skype 015A"]
[Site "Skype"]
[Date "????.??.??"]
[Round "4.6"]
[White "Meyer, Eric"]
[Black "Mahapatra, Durgaprasad"]
[Result "0-1"]
[WhiteElo "1747"]
[BlackElo "2066"]
[PlyCount "66"]

1. d4 d5 2. c4 e5 3. dxe5 d4 4. Nf3 Nc6 5. g3 Nge7 6. Bg2 Ng6 7. Qa4 Bc5 8.
Nbd2 O-O 9. Qb5 Qe7 10. O-O Ngxe5 11. Nb3 Bd6 12. Nfxd4 a6 13. Nxc6 Qf6 14. Qa4
Nxc6 15. Bxc6 bxc6 16. Qxc6 Rb8 17. Qf3 Qg6 18. c5 Be5 19. Qd5 Re8 20. Nd4 Bb7
21. c6 Rbd8 22. Qb3 Ba8 23. Nf3 Qxc6 24. Bg5 Rb8 25. Rac1 Rxb3 26. Rxc6 Rxf3
27. Rxa6 Rf5 28. Be7 Bxb2 29. Rb1 Bd4 30. e3 Bb6 31. Bd6 Be4 32. Rb4 h6 33. Bf4
Rd5 0-1

[Event "Tournoi Skype 015A"]
[Site "Skype"]
[Date "????.??.??"]
[Round "4.7"]
[White "Rico Hernandez, Edgar"]
[Black "Dal, Ibrahim"]
[Result "1-0"]
[WhiteElo "1892"]
[BlackElo "1748"]
[PlyCount "101"]

1. d4 c6 2. e4 d5 3. exd5 cxd5 4. Nf3 Bg4 5. Nbd2 Nc6 6. c3 e6 7. Bd3 Nf6 8.
O-O Be7 9. Re1 O-O 10. Nf1 Qc7 11. h3 Bh5 12. Ng3 Bg6 13. Bxg6 hxg6 14. Qd3 Bd6
15. Nf1 Nh5 16. Be3 Nf4 17. Bxf4 Bxf4 18. Re2 Rac8 19. Rae1 Na5 20. Ne3 Bxe3
21. Qxe3 Nc4 22. Qc1 Qa5 23. Qb1 Rc6 24. Ne5 Nxe5 25. Rxe5 Rfc8 26. R5e3 Qd8
27. g3 g5 28. Kg2 b5 29. Qd3 Qb6 30. Re5 f6 31. R5e2 Kf7 32. Qf3 g6 33. a3 a5
34. Qg4 Re8 35. h4 gxh4 36. Qxh4 Kg7 37. Rh1 Rg8 38. Ree1 Qc7 39. Qh7+ Kf8 40.
Qxc7 Rxc7 41. Rxe6 Kf7 42. Rb6 b4 43. axb4 axb4 44. Rxb4 Ke6 45. Rb6+ Kf5 46.
f3 Re8 47. g4+ Kf4 48. Rxf6+ Kg5 49. Rd6 Re2+ 50. Kg3 Rxb2 51. f4# 1-0

[Event "Tournoi Skype 015A"]
[Site "Skype"]
[Date "????.??.??"]
[Round "4.8"]
[White "Janssen, Gerard"]
[Black "Segura Lozano, Marcos Antonio"]
[Result "1-0"]
[WhiteElo "1732"]
[BlackElo "1883"]
[PlyCount "85"]

1. d4 Nf6 2. c4 e6 3. Nc3 d5 4. Nf3 c5 5. e3 Nc6 6. cxd5 exd5 7. dxc5 Bxc5 8.
Be2 O-O 9. O-O Re8 10. Na4 Bd6 11. a3 Qc7 12. b4 Bg4 13. h3 Bxf3 14. Bxf3 Bh2+
15. Kh1 Rad8 16. Bb2 Ne4 17. Rc1 Qb8 18. Nc5 Be5 19. Bxe5 Nxe5 20. Be2 Ng6 21.
Qd4 Nh4 22. Bb5 Nf5 23. Qb2 Re7 24. Nxe4 dxe4 25. Rc5 g6 26. Bc4 Qd6 27. Rd5
Qc7 28. Rxd8+ Qxd8 29. Bb3 Rd7 30. g3 Rd2 31. Qc1 Qd7 32. Rd1 Nxg3+ 33. Kg2
Rxd1 34. Bxd1 Nf5 35. Bg4 Qe6 36. Qc5 b6 37. Qc7 a6 38. Qb7 Nh4+ 39. Kg3 Qe5+
40. Kxh4 g5+ 41. Kh5 Qf6 42. Qxe4 Kg7 43. Qd4 1-0

[Event "Tournoi Skype 015A"]
[Site "Skype"]
[Date "????.??.??"]
[Round "4.9"]
[White "Jacquelin, Norbert"]
[Black "Baue, Michel"]
[Result "1-0"]
[WhiteElo "1877"]
[BlackElo "1700"]
[PlyCount "37"]

1. e4 c5 2. d4 cxd4 3. c3 dxc3 4. Nxc3 Nc6 5. Nf3 e6 6. Bc4 Bb4 7. O-O Nge7 8.
Qe2 O-O 9. Bg5 a6 10. e5 Qc7 11. Bd3 h6 12. Bf4 Bxc3 13. bxc3 Nd5 14. Qe4 g6
15. Bxh6 Re8 16. Qg4 Nde7 17. Qg5 Nf5 18. Bxf5 exf5 19. Qf6 1-0

[Event "Tournoi Skype 015A"]
[Site "Skype"]
[Date "????.??.??"]
[Round "4.10"]
[White "Patra Kumar, Subhendu"]
[Black "Parmar, Manoj"]
[Result "1-0"]
[WhiteElo "1853"]
[BlackElo "1731"]
[PlyCount "55"]

1. e4 e5 2. Nf3 Nc6 3. Bc4 Nf6 4. Ng5 d5 5. exd5 Nxd5 6. d4 Be6 7. Nxe6 fxe6 8.
dxe5 Qd7 9. O-O O-O-O 10. Bb5 Bc5 11. c4 Nde7 12. Qg4 Rhf8 13. Nc3 g6 14. Bg5
Rf5 15. Rad1 Qe8 16. Ne4 Bd4 17. Nf6 Qf7 18. Bxc6 Nxc6 19. Ne4 Re8 20. Bf6 Bxe5
21. Bxe5 Nxe5 22. Qe2 h5 23. Ng3 Rg5 24. f4 Rg4 25. fxe5 Qe7 26. Ne4 Rh8 27.
Nf6 Rg5 28. Qe3 1-0

[Event "Tournoi Skype 015A"]
[Site "Skype"]
[Date "????.??.??"]
[Round "4.11"]
[White "Deville, Olivier"]
[Black "Mulrooney, Justin"]
[Result "1-0"]
[WhiteElo "1845"]
[BlackElo "1663"]
[PlyCount "79"]

1. c4 Nf6 2. Nf3 e6 3. g3 Bc5 4. Bg2 O-O 5. O-O d5 6. cxd5 exd5 7. d4 Bd6 8.
Nc3 c6 9. Qc2 b6 10. Bf4 Bxf4 11. gxf4 Ba6 12. Ne5 Qd6 13. Rfc1 Nbd7 14. Qf5
Rac8 15. a4 g6 16. Qh3 Rc7 17. a5 b5 18. Na2 Nh5 19. e3 Rfc8 20. b4 Ng7 21. Bf3
Nf6 22. Kh1 Qe6 23. Qh4 Nf5 24. Qg5 Ng7 25. Ng4 Ne4 26. Bxe4 Qxe4+ 27. Kg1 Nh5
28. Qxh5 gxh5 29. Nf6+ Kg7 30. Nxe4 dxe4 31. Nc3 f5 32. h4 Kf6 33. Ne2 Rg7+ 34.
Kh2 Rg4 35. Kh3 Rc7 36. Ng3 Kg6 37. Rc5 Bc8 38. Rac1 Bd7 39. Rxb5 Be6 40. d5
1-0

[Event "Tournoi Skype 015A"]
[Site "Skype"]
[Date "????.??.??"]
[Round "4.12"]
[White "Legueltel, Daniel"]
[Black "Brun, Jacques"]
[Result "1-0"]
[WhiteElo "1698"]
[BlackElo "1821"]
[PlyCount "82"]

1. d4 g6 2. c4 Bg7 3. e4 c5 4. d5 d6 5. Nc3 Na6 6. Nf3 Nc7 7. Bd3 a6 8. a4 Bd7
9. O-O Nh6 10. Re1 Ng4 11. Bf4 f6 12. Qd2 Ne5 13. Nxe5 fxe5 14. Bh6 O-O 15.
Bxg7 Kxg7 16. Ne2 Rb8 17. f4 b5 18. fxe5 dxe5 19. Qc3 Ne8 20. Qxe5+ Rf6 21.
axb5 axb5 22. Ra7 Nd6 23. Rea1 b4 24. b3 Kf7 25. Ng3 Rb7 26. Ra8 Rb8 27. R8a7
Kf8 28. Be2 Nf7 29. Qc7 Rd6 30. Qxc5 h5 31. Qe3 h4 32. Nf1 g5 33. e5 Rg6 34. e6
Bxe6 35. dxe6 Nd6 36. Bd3 Rg7 37. Qf3+ Kg8 38. Ne3 Qb6 39. Ra8 g4 40. Rxb8+
Qxb8 41. Ra8 gxf3 1-0

[Event "Tournoi Skype 015A"]
[Site "Skype"]
[Date "????.??.??"]
[Round "4.13"]
[White "Casey, Eamonn"]
[Black "Galani, Mahendra"]
[Result "1-0"]
[WhiteElo "1780"]
[BlackElo "1486"]
[PlyCount "91"]

1. d4 d5 2. c4 c6 3. Nf3 h6 4. Bf4 Nf6 5. e3 Nh5 6. Bg3 Nxg3 7. hxg3 Nd7 8. Nc3
Nf6 9. cxd5 Nxd5 10. Ne5 Be6 11. Ne4 Qa5+ 12. Qd2 Qb6 13. Ng5 Nc7 14. Bd3 Rg8
15. Nxe6 Nxe6 16. Qe2 Ng5 17. Qg4 e6 18. f4 Bb4+ 19. Ke2 f5 20. Qh5+ g6 21.
Nxg6 Nf7 22. Ne5 Rg7 23. Bc4 c5 24. d5 exd5 25. Bxd5 O-O-O 26. Qxf5+ Kb8 27.
Nd7+ Rxd7 28. Qxd7 Qa6+ 29. Kf2 Ba5 30. Be6 Qc6 31. Qxc6 bxc6 32. Bxf7 Rxf7 33.
Rxh6 Kb7 34. Rd1 c4 35. Rdd6 Rc7 36. g4 Bb4 37. Rd4 Bf8 38. Rg6 Re7 39. Rxc4
Rc7 40. f5 c5 41. f6 Rd7 42. Rf4 Rd2+ 43. Kf3 Rxb2 44. f7 Rxa2 45. Rg8 Bd6 46.
f8=Q 1-0